運航費補助対象の離島航空路線 - Statistics

General Stats
  • This quiz has been taken 51 times
  • The average score is 18 of 23
Answer Stats
Answer % Correct
奄美
93%
長崎
93%
八丈島
93%
鹿児島
90%
対馬
88%
大島
88%
壱岐
86%
沖永良部
79%
調布
79%
丘珠
79%
福江
76%
三宅島
76%
函館
76%
宮古
74%
徳之島
74%
東京
74%
新島
74%
喜界
69%
与論
69%
神津島
69%
利尻島
67%
奥尻島
64%
多良間
57%
No matching quizzes found
Score Distribution
Percent of People with Each Score
Percentile by Number Answered
Your Score History
You have not taken this quiz